MARC details
| 000 -LEADER |
| fixed length control field |
01498naa a22003617u 4500 |
| 001 - CONTROL NUMBER |
| control field |
04042 |
| 003 - CONTROL NUMBER IDENTIFIER |
| control field |
HDC |
| 007 - PHYSICAL DESCRIPTION FIXED FIELD--GENERAL INFORMATION |
| fixed length control field |
cr bn ---aaaaa |
| 008 - FIXED-LENGTH DATA ELEMENTS--GENERAL INFORMATION |
| fixed length control field |
210114t2009 flu 000 0 may |
| 020 ## - INTERNATIONAL STANDARD BOOK NUMBER |
| International Standard Book Number |
978-1-4200-4531-4 (Hardcover) |
| 040 ## - CATALOGING SOURCE |
| Original cataloging agency |
HDC |
| 100 ## - MAIN ENTRY--PERSONAL NAME |
| Personal name |
Aizpún,Cristina Barbárin- |
| Relator term |
author |
| 9 (RLIN) |
4063 |
| 245 #0 - TITLE STATEMENT |
| Title |
Handbook of processed meats and poultry analysis : Chapter 16 |
| Remainder of title |
Minerals and Trace Elements in Meat Products / |
| Statement of responsibility, etc. |
by Iñigo Navarro-Blasco and Cristina Barbárin-Aizpún ; edited by Leo M.L. Nollet, Fidel Toldrá. |
| 260 ## - PUBLICATION, DISTRIBUTION, ETC. |
| Place of publication, distribution, etc. |
Boca Raton : |
| Name of publisher, distributor, etc. |
CRC Press, |
| Date of publication, distribution, etc. |
2009 |
| 300 ## - PHYSICAL DESCRIPTION |
| Extent |
xvi, 25 pages : |
| Other physical details |
illustrations |
| 336 ## - CONTENT TYPE |
| Content type term |
text |
| Source |
rdacontent |
| 337 ## - MEDIA TYPE |
| Media type term |
computer |
| Source |
rdamedia |
| 338 ## - CARRIER TYPE |
| Carrier type term |
online resource |
| Source |
rdacarrier |
| 500 ## - GENERAL NOTE |
| General note |
Original from book |
| 504 ## - BIBLIOGRAPHY, ETC. NOTE |
| Bibliography, etc. note |
Includes bibliographical references and index. |
| 650 ## - SUBJECT ADDED ENTRY--TOPICAL TERM |
| Topical term or geographic name entry element |
Food |
| General subdivision |
Analysis |
| Form subdivision |
Handbooks, manuals, etc. |
| 9 (RLIN) |
4009 |
| 650 ## - SUBJECT ADDED ENTRY--TOPICAL TERM |
| Topical term or geographic name entry element |
Meat |
| General subdivision |
Analysis |
| Form subdivision |
Handbooks, manuals, etc. |
| 9 (RLIN) |
3749 |
| 650 ## - SUBJECT ADDED ENTRY--TOPICAL TERM |
| Topical term or geographic name entry element |
Poultry |
| General subdivision |
Analysis |
| Form subdivision |
Handbooks, manuals, etc. |
| 9 (RLIN) |
4008 |
| 700 ## - ADDED ENTRY--PERSONAL NAME |
| Personal name |
Aizpún, Cristina Barbárin- |
| Relator term |
author |
| 9 (RLIN) |
4064 |
| 700 ## - ADDED ENTRY--PERSONAL NAME |
| Personal name |
Fito, Pedro |
| Relator term |
author |
| 9 (RLIN) |
4046 |
| 700 ## - ADDED ENTRY--PERSONAL NAME |
| Personal name |
Nollet, Leo M. L., |
| Relator term |
editor |
| 700 ## - ADDED ENTRY--PERSONAL NAME |
| Personal name |
Toldrá, Fidel. |
| Relator term |
author |
| 9 (RLIN) |
3755 |
| 700 ## - ADDED ENTRY--PERSONAL NAME |
| Personal name |
Toldrá, Fidel. |
| Relator term |
editor |
| 9 (RLIN) |
3755 |
| 856 ## - ELECTRONIC LOCATION AND ACCESS |
| Public note |
Request full-text at [email protected] |
| 942 ## - ADDED ENTRY ELEMENTS (KOHA) |
| Source of classification or shelving scheme |
Library of Congress Classification |
| 942 ## - ADDED ENTRY ELEMENTS (KOHA) |
| Koha item type |
Chapter in Books |
| 942 ## - ADDED ENTRY ELEMENTS (KOHA) |
| Call number prefix |
EBCH 003306 |